10 Largest Countries By Population - Statistics

General Stats
  • This quiz has been taken 21 times
  • The average score is 9 of 10
Answer Stats
Hint Answer % Correct
212.5m Brazil
100%
1.43b China
100%
1.38b India
100%
273.5m Indonesia
94%
145.9m Russia
94%
331m USA
94%
128.9m Mexico
88%
206.1m Nigeria
75%
220.8m Pakistan
69%
164.6m Bangladesh
50%
No matching quizzes found
Score Distribution
Percent of People with Each Score
Percentile by Number Answered
Your Score History
You have not taken this quiz